Pure Love, Deferred Intimacy (notice n° 1734412)

détails MARC
000 -LEADER
fixed length control field 01431cam a2200169 4500500
005 - DATE AND TIME OF LATEST TRANSACTION
control field 20260322003725.0
041 ## - LANGUAGE CODE
Language code of text/sound track or separate title fre
042 ## - AUTHENTICATION CODE
Authentication code dc
100 10 - MAIN ENTRY--PERSONAL NAME
Personal name Hwang, Hyeseon
Relator term author
245 00 - TITLE STATEMENT
Title Pure Love, Deferred Intimacy
260 ## - PUBLICATION, DISTRIBUTION, ETC.
Date of publication, distribution, etc. 2026.<br/>
500 ## - GENERAL NOTE
General note 23
520 ## - SUMMARY, ETC.
Summary, etc. This paper examines how “pure love” narratives—intense emotional bonds without physical consummation—have emerged as a convergent theme across East Asian pop cultures (Japan, China, Korea, Taiwan, Hong Kong) and how they intersect with persistently low fertility rates. Drawing on case studies from Japanese film, manga/anime (Otoko wa Tsurai yo; City Hunter; Your Name), Chinese BL fiction, and Korean dramas, the study argues that these narratives both reflect and reinforce shifting gender scripts, herbivore masculinity, and women’s renegotiated social roles. Through comparative content analysis and secondary demographic data, it maps a feedback loop wherein pop-cultural imaginaries of love decouple romance from reproduction, contributing to demographic decline. Theoretical foundations include Henry Jenkins’s convergence culture, the concept of “no’nai ai”/jun’ai, and the author’s notion of gendered melancholia.
700 10 - ADDED ENTRY--PERSONAL NAME
Personal name Jang, Wonho
Relator term author
786 0# - DATA SOURCE ENTRY
Note Sociétés | 169 | 3 | 2026-03-11 | p. 19-31 | 0765-3697
856 41 - ELECTRONIC LOCATION AND ACCESS
Uniform Resource Identifier <a href="https://shs.cairn.info/journal-societes-2025-3-page-19?lang=en&redirect-ssocas=7080">https://shs.cairn.info/journal-societes-2025-3-page-19?lang=en&redirect-ssocas=7080</a>

Pas d'exemplaire disponible.

PLUDOC

PLUDOC est la plateforme unique et centralisée de gestion des bibliothèques physiques et numériques de Guinée administré par le CEDUST. Elle est la plus grande base de données de ressources documentaires pour les Étudiants, Enseignants chercheurs et Chercheurs de Guinée.

Adresse

627 919 101/664 919 101

25 boulevard du commerce
Kaloum, Conakry, Guinée

Réseaux sociaux

Powered by Netsen Group @ 2025